| 000 | 02348nam a2200241Ia 4500 | ||
|---|---|---|---|
| 003 | Ost | ||
| 005 | 20260507075103.0 | ||
| 008 | 260507s9999||||xx |||||||||||||| ||und|| | ||
| 040 | _cfsecg | ||
| 041 | _aara | ||
| 082 | _a657.8 | ||
| 100 |
_aبدوي، محمد عباس _eمؤلف |
||
| 245 | 0 |
_aالأنظمة المحاسبية المتخصصة : _bالفروع-البنوك التجارية-شركات التأمين-الوحدات الحكومية / _c محمد عباس بدوي |
|
| 260 |
_aالاسكندرية: _bالمكتب الجامعي الحديث, _c2006 |
||
| 300 |
_a440 صفحة؛ _bإيضاحات ؛ _c24 سم |
||
| 520 | _aالتسجيل المحاسبي لعمليات الفروع و القوائم المالية في محاسبة الفروع مع التطرق الى الاطار العام للنظام المحاسبي في البنك التجاري و التسجيل المحاسبي لعمليات البنك التجاري و الحسابات الختامية و الميزانية العمومية للبنك التجاري كما تم التطرق الى المعالجة المحاسبية لأقساط التأمين و للتعويضات و لعمليات إعادة التأمين و كذا الحسابات الختامية و الميزانية العمومية في شركات التأمين مع تناول الاطار العام لنظام المحاسبة في الوحدات الحكومية و هيكل الموازنة العامة للدولة و نظام الرقابة الداخلية و اللوائح المالية في الوحدات الحكومية و كذا المستندات و الدفاتر للمعاملات المرتبطة بالايرادات في الوحدات الحكومية و المعالجة المحاسبية للمعاملات المرتبطة بالايرادات في الوحدات الحكومية و المرتبطة بالاستخدامات في الوحدات الحكومية و أخيرا التقارير الدورية و إقفال الحسابات . | ||
| 653 | _aالبنوك التجارية | ||
| 653 | _aالحسابات الختامية | ||
| 653 | _aالمحاسبة | ||
| 700 |
_aعثمان، الاميرة ابراهيم _eمؤلف ثانوي |
||
| 700 |
_aمحمد، أحمدعبد المالك _eمؤلف ثانوي |
||
| 942 | _cكتاب | ||
| 999 |
_c42809 _d42809 |
||